History Quiz

Random History or Clickable Quiz

HCHS Church Councils & History Quiz Stats

 Plays Quiz not verified by Sporcle

Score 0/31 Timer 10:00
0 Plays Today
% Correct
Council of Trent
93.3%
Simony
86.7%
Council of Chalcedon
80%
Crosier
80%
First Council of Nicaea
73.3%
Great Schism (East-West Schism)
73.3%
Massacre of the Latins
73.3%
Council of Constance
73.3%
Investiture Controversy
73.3%
Council of Ephesus
66.7%
Great Church
66.7%
Second Vatican Council
66.7%
Conciliar Movement
66.7%
Hildegard of Bingen
64.3%
First Council of Constantinople
60%
First Vatican Council
60%
% Correct
Concordat of Bologna
60%
Lateran Councils
53.3%
Three Chapters
53.3%
Second Council of Nicaea
53.3%
Council of Clermont
53.3%
Fourth Council of the Lateran
46.7%
Second Council of the Lateran
46.7%
Fifth Council of the Lateran
46.7%
Second Council of Constantinople
40%
Third Council of the Lateran
40%
Council of Basel
40%
Concordat of Worms
33.3%
Pragmatic Sanction of Bourges
33.3%
Third Council of Constantnople
26.7%
First Council of the Lateran
26.7%

You're not logged in!

Compare scores with friends on all Sporcle quizzes.
OR
Log In

Show Comments

Extras

Top Quizzes Today


Score Distribution

Your Account Isn't Verified!

In order to create a playlist on Sporcle, you need to verify the email address you used during registration. Go to your Sporcle Settings to finish the process.

Report this User

Report this user for behavior that violates our Community Guidelines.

Details: